000 00307nam a2200157Ia 4500
100 _aAswathappa/K
650 _aManagement
250 _a8
942 _cBK
245 _aHuman Resource Management
260 _bMcGraw Hill
_c2017
082 _bASW
300 _a858
546 _aENGLISH
999 _c34559
_d34559